Japanese prefecture Flags - Statistics

General Stats
  • This quiz has been taken 633 times
  • The average score is 23 of 47
Answer Stats
Hint Answer % Correct
Osaka
64%
Aomori
63%
Hokkaido
63%
Okinawa
60%
Image credit
Kagawa
58%
Kyoto
57%
Tottori
57%
Tokyo
55%
Ehime
53%
Nagasaki
53%
Saitama
53%
Yamagata
53%
Nagano
52%
Hyōgo
51%
Akita
50%
Ishikawa
50%
Kanagawa
50%
Miyagi
50%
Aichi
49%
Chiba
49%
Fukushima
49%
Mie
49%
Niigata
49%
Saga
49%
Toyama
49%
Image credit
Hiroshima
48%
Kagoshima
48%
Nara
48%
Shizuoka
48%
Fukuoka
47%
Iwate
46%
Miyazaki
46%
Tochigi
46%
Gifu
45%
Gunma
45%
Ibaraki
45%
Oita
45%
Tokushima
45%
Wakayama
45%
Yamanashi
45%
Fukui
44%
Shiga
44%
Shimane
44%
Kumamoto
43%
Yamaguchi
43%
Okayama
42%
Kōchi
41%
No matching quizzes found
Score Distribution
Percent of People with Each Score
Percentile by Number Answered
Your Score History
You have not taken this quiz